Olympics medal table - Los Angeles 1984 - Statistics

General Stats
  • This quiz has been taken 35 times
  • The average score is 9 of 10
Answer Stats
Gold Silver Bronze Total Nation % Correct
83 61 30 174 United States
100%
5 7 16 28 France
97%
14 6 12 32 Italy
97%
17 19 23 59 West Germany
97%
5 11 21 37 Great Britain
91%
10 8 14 32 Japan
91%
10 18 16 44 Canada
88%
15 8 9 32 China
85%
4 8 12 24 Australia
82%
20 16 17 53 Romania
52%
No matching quizzes found
Score Distribution
Percent of People with Each Score
Percentile by Number Answered
Your Score History
You have not taken this quiz